Historia del urbanismo (Registro nro. 1506)
[ vista simple ]
| 000 -LEADER | |
|---|---|
| fixed length control field | 01169 a2200217 4500 |
| 001 - CONTROL NUMBER | |
| control field | 26885 |
| 005 - DATE AND TIME OF LATEST TRANSACTION | |
| control field | 20260407155546.0 |
| 008 - FIXED-LENGTH DATA ELEMENTS--GENERAL INFORMATION | |
| fixed length control field | 260407a1981 arg spa d |
| 003 - CONTROL NUMBER IDENTIFIER | |
| control field | AR-UNSa-BCEJYS |
| 040 ## - CATALOGING SOURCE | |
| Original cataloging agency | AR-UNSa-BCEJYS |
| Language of cataloging | spa |
| Transcribing agency | AR-UNSa-BCEJYS |
| 080 ## - UNIVERSAL DECIMAL CLASSIFICATION NUMBER | |
| Universal Decimal Classification number | 711(09) |
| Common auxiliary subdivision | Historía del Urbanismo |
| 020 ## - INTERNATIONAL STANDARD BOOK NUMBER | |
| International Standard Book Number | 84-7088-275-9 |
| 100 1# - MAIN ENTRY--PERSONAL NAME | |
| Personal name | Sica, Paolo |
| 245 10 - TITLE STATEMENT | |
| Title | Historia del urbanismo |
| Name of part/section of a work | El siglo XX |
| 264 #1 - PRODUCTION, PUBLICATION, DISTRIBUTION, MANUFACTURE, AND COPYRIGHT NOTICE | |
| Place of production, publication, distribution, manufacture | Madrid : |
| Name of producer, publisher, distributor, manufacturer | Instituto de Estudios de Administración Local |
| Date of production, publication, distribution, manufacture, or copyright notice | 1981 |
| 300 ## - PHYSICAL DESCRIPTION | |
| Extent | 768 p. |
| Dimensions | 25 cm. |
| 505 ## - FORMATTED CONTENTS NOTE | |
| Formatted contents note | 1. La formación del urbanismo, como disciplina autónoma, entre los siglos XIX, XX - 2. La arquitectura y el urbanismo en el período comprendido entre las dos guerras mundiales - 3. El período comprendido entre las dos guerras en Alemania - 4. El período comprendido entre las dos guerras en la Unión Sovietica - 5. Italia en el período comprendido entre las dos guerras mundiales - 6. Las vicisitudes urbanísticas en otros países europeos - 7. Ciudad y territorio en los Estados Unidos, entre la primera y la segunda guerra mundial |
| 590 ## - LOCAL NOTE (RLIN) | |
| Local note | niveau_biblio:m niveau_hierar:0 |
| 700 1# - ADDED ENTRY--PERSONAL NAME | |
| Personal name | Hernández Orozco, Joaquín |
| 942 ## - ADDED ENTRY ELEMENTS (KOHA) | |
| Koha item type | |
| Withdrawn status | Lost status | Damaged status | Not for loan | Home library | Current library | Shelving location | Date acquired | Total checkouts | Full call number | Barcode | Date last seen | Price effective from | Koha item type |
|---|---|---|---|---|---|---|---|---|---|---|---|---|---|
| Biblioteca Prof. Eusebio Cleto del Rey | Biblioteca Prof. Eusebio Cleto del Rey | 07/04/2026 | 711(09)"19" S565 | L58382 | 07/04/2026 | 07/04/2026 | Libro |